000 01313nab a2200217 i 4500
001 768714001
003 CO-MdFUSB
005 20240612091225.0
008 240612t1958 sp ||||| |||| 00| 0 spa d
040 _bspa
_cCO-MdFUSB
_dCO-MdFUSB
041 _aspa
100 _aLlorca, Bernardino,
_d1898-1985
_eautor
245 3 _aEl pseudoprofetismo en la historia de la Iglesia
_c/ Bernardino Llorca
520 _aIndudablemente, uno de los puntos más trascendentales del problema sobre las apariciones o revelaciones privadas, es el que se refiere a su veracidad. Desde el momento en que consta que una revelación determinada es verdadera y legítima manifestación de Dios a los hombres, ya no existe vacilación ninguna. Pero el hecho es que, frente a cualquiera revelación o aparición que se nos presenta, inmediatamente se ofrece la duda: ¿es verdadera y objetiva o no lo es? El problema difícil que se ofrece entonces, es resolver la objetividad de tales fenómenos.
650 0 _aHistoria de la Iglesia
_9153
650 7 _aMilagros
_91077
650 0 _aSectas
_91218
773 0 _070126
_982746
_dSalamanca, España :
_oR2621
_tSalmanticensis
_w(CO-MdFUSB)768714001
_gVolumen 5, (fascículo 3, 1958) páginas: 681 - 701
_qpágina: 681
942 _cANA
945 _aCatherine Arias Álvarez - Practicante SENA
999 _c70146
_d70146